000 00679nam a2200253Ia 4500
005 20250425162227.0
008 250425s9999 xx 000 0 und d
020 _a9978442839
041 _aspa
082 _a629.2503
100 _aRUEDA SANTANDER, JESUS
245 0 _aMANUAL TECNICO DE FUEL INJECTION
250 _a1A ED.
260 _aEcuador
_bDISELI
_c2005
260 _aGUAYAQUIL
300 _a286
500 _aINCLUYE CD. CONSULTAR INV.39541 v.1 EN BIBTEC
650 _aINYECCION ELECTRONICA
650 _aINYECCION ELECTRONICA DE COMBUSTIBLE
650 _aLOCALIZACION DE AVERIAS
650 _aSISTEMAS DE INYECCION
942 _c01
010 _a57964
999 _c224952
_d224952